Normal view
MARC view
Entry Topical Term
001 - CONTROL NUMBER
- control field: 41795
003 - CONTROL NUMBER IDENTIFIER
- control field:
005 - DATE AND TIME OF LATEST TRANSACTION
- control field: 20240424121255.0
008 - FIXED-LENGTH DATA ELEMENTS
- fixed length control field: 240424|| aca||aabn | a|a d
040 ## - CATALOGING SOURCE
- Original cataloging agency:
- Transcribing agency:
150 ## - HEADING--TOPICAL TERM
- Topical term or geographic name entry element: Transportation, Automotive
670 ## - SOURCE DATA FOUND
- Source citation: Work cat.: ()20748: WINCH David M. aut 41794, the economics of highway planning /, 1963
